| 000 | 00735nam a2200229 4500 | ||
|---|---|---|---|
| 001 | 122458 | ||
| 003 | ES-MaACL | ||
| 005 | 20230906192000.0 | ||
| 007 | t| | ||
| 008 | 070214s1982 sp r ||||1| spa d | ||
| 100 | 1 |
_aPuech, Henri-Charles. _994128 |
|
| 245 | 1 | 0 |
_aEn torno a la gnosis / _cHenri-Charles Puech ; versión de Francisco Pérez Gutiérrez. |
| 260 |
_aMadrid : _bTaurus, _c1982. |
||
| 300 |
_a1 v. ; _c21 cm. |
||
| 490 | 1 | _aEnsayistas | |
| 505 | 8 | _aContiene: Vol. I. La gnosis y el tiempo y otros ensayos | |
| 700 | 1 |
_aPérez Gutiérrez, Francisco. _990927 |
|
| 740 | 0 | _aLa gnosis y el tiempo y otros ensayos. | |
| 830 | 0 |
_aEnsayistas _9177257 |
|
| 852 |
_aES-MaACL _jP-1809 _bR.104531 |
||
| 999 |
_c122458 _d122458 |
||